00460nam a2200157 i 4500001000300000245006100003260002100064650001100085650002500096700001900121040000800140041000800148080000700156008004100163856009800204bg 0aChemia ogólna i nieorganiczna /cMaria Bubicz [i in.]. aWarszawa,c1974. 9aChemia 9aChemia nieorganiczna1 aBubicz, Maria. cBPK apol a54 s pl f |000 0 pol  uhttp://koha.tu.koszalin.pl/cgi-bin/koha/opac-detail.pl?biblionumber=26224yKatalog online BPK